000 00484nam a2200181Ia 4500
001 8902
005 20260306160644.0
008 260306t2009||||xx |||||||||||||| ||spa||
041 _aESP
082 _a371.9
_bS17
100 _aSalgado Gómez, Ana Maria
_eAUT
245 0 _aDificultades infantiles de aprendizaje:
_bmanual orientativo para padres y educadores
260 _c2009
300 _a448 páginas :
_c25 cm.
650 _aGEN
654 _aCED
942 _cLIB
_dJUS
_fJUS
_2ddc
_n
999 _c8902
_d8902